000 00811cam a2200193 4500
001 WB3724-15
008 000000n2001 000 0 eng u
035 _a(Sirsi) u113153
245 _aSlowdown hits commercial property sector
260 _c2001
490 _aFinancial Times
_v19 June 2001, 4(1)
520 _aAccording to the CBI and GVA Grimley's bi-annual survey, demand for commercial property is falling for the first time since 1998. Demand for industrial premises has particularly slowed. The survey predicts that growth in demand will continue to fall during the coming six months, due to a decline in business confidence.
590 _aWB
650 _aCBI
650 _aGVA GRIMLEY
650 _aSURVEY
690 _aPROPERTY-COMMERCIAL PROPERTY-COMMERCIAL PROPERTY MARKET
942 _n0
999 _c67376
_d67376